Bayer 04 Leverkusen Squad 2018-2019 - Statistics

General Stats
  • This quiz has been taken 29 times
  • The average score is 20 of 29
Answer Stats
# Position Nation Player % Correct
1 GK Finland Lukáš Hrádecký
100%
4 DF Germany Jonathan Tah
95%
29 MF Germany Kai Havertz
95%
9 FW Jamaica Leon Bailey
95%
6 DF Austria Aleksandar Dragović
89%
20 MF Chile Charles Aránguiz
89%
38 FW Germany Karim Bellarabi
89%
8 MF Germany Lars Bender
84%
5 DF Germany Sven Bender
84%
17 FW Finland Joel Pohjanpalo
79%
3 DF Greece Panagiotis Retsos
79%
15 MF Austria Julian Baumgartlinger
74%
10 FW Germany Julian Brandt
74%
13 FW Argentina Lucas Alario
74%
7 FW Brazil Paulinho
74%
16 DF Croatia Tin Jedvaj
74%
18 DF Brazil Wendell
74%
31 FW Germany Kevin Volland
68%
28 GK Austria Ramazan Özcan
68%
- Coach Netherlands Peter Bosz
63%
- Coach Germany Heiko Herrlich
58%
11 FW Sweden Isaac Kiese Thelin
53%
23 DF Germany Mitchell Weiser
47%
21 MF Germany Dominik Kohr
42%
40 GK Poland Tomasz Kucz
42%
30 MF Germany Sam Schreck
32%
24 GK Germany Thorsten Kirschbaum
32%
33 DF Germany Jan Boller
26%
32 DF Poland Jakub Bednarczyk
5%
No matching quizzes found
Score Distribution
Percent of People with Each Score
Percentile by Number Answered
Your Score History
You have not taken this quiz